MARC

LEADER 00000ncm a2200000 a 4500
001 vtls011428186
003 SK-MaSNL
005 20260331210727.0
007 qu
008 160430s2008 xo stg g slo
015 |a SNBH2018 
024 2 |a 9790685030003 (brož.) 
028 3 1 |a HC 0801  |b Hudobné centrum 
040 |a SNK  |b slo  |c SNK  |e AACR2 
041 0 |a slo 
043 |a e-fr--- 
044 |a xo  |c SK 
048 |a ka01 
072 7 |a 786  |x Hudba pre klávesové nástroje  |2 konspekt 
080 |a 78.083.7  |2 2011 
080 |a 786.2.083.7  |2 2011 
080 |a 78.083  |2 2011 
080 |a 786.2.083  |2 2011 
080 |a 78.087.5  |2 2011 
080 |a 786.2.087.5  |2 2011 
080 |a 78.089.6  |2 2011 
084 |a 1.1.4  |2 snlmc 
100 1 |a Lemoine, Henri,  |d 1786-1854  |4 cmp  |9 291376 
245 1 0 |a 50 etud, op. 37  |h hudobnina  |b klavír  |c Henry Lemoine ; Magdaléna Bajuszová editor 
246 3 |a Päťdesiat etud, op. 37 
250 |a 1. vyd. 
254 |a Partitúra 
260 |a Bratislava  |b Hudobné centrum  |c 2008 
300 |a 1 partitúra (85 s.)  |c 31 cm 
366 |e 800 výt. 
382 |a klavír 
650 0 7 |a etudy  |z Francúzsko  |y 18.-19. stor.  |2 SNKPH  |9 658156 
650 0 7 |a drobné skladby  |z Francúzsko  |y 18.-19. stor.  |2 SNKPH  |9 658157 
650 0 7 |a drobné skladby (klavír)  |2 SNKPH  |9 69169 
650 0 7 |a inštruktívne skladby  |z Francúzsko  |y 18.-19. stor.  |2 SNKPH  |9 658158 
650 0 7 |a inštruktívne skladby (klavír)  |2 SNKPH  |9 68034 
650 0 7 |a Etudes  |z France  |y 18th-19th centuries  |2 SNKPHeng  |9 658159 
650 0 7 |a Etudes (piano)  |2 SNKPHeng  |9 333398 
650 0 7 |a etudy (klavír)  |2 SNKPH  |9 67487 
650 0 7 |a Small music pieces  |z France  |y 18th-19th centuries  |2 SNKPHeng  |9 658160 
650 0 7 |a Small music pieces (piano)  |2 SNKPHeng  |9 317501 
650 0 7 |a Instructive compositions  |z France  |y 18th-19th centuries  |2 SNKPHeng  |9 658161 
650 0 7 |a Instructive compositions (piano)  |2 SNKPHeng  |9 440485 
655 7 |a partitúry pre sólový nástroj  |2 SNKPH  |9 70508 
655 7 |a Scores for solo instrument  |2 SNKPHeng  |9 285315 
700 1 |a Bajuszová, Magdaléna,  |d 1976-  |4 edt  |9 106881 
918 |a 979-0-68503-000-3 
999 |c 1015398  |d 1017328 
952 |a SNK  |b SNK  |y PREZ  |7 0  |p 17A1176389  |o snkHSB 4589  |i snk2015/33538  |8 0  |0 0  |1 0  |4 0  |d 2015-12-15  |l 0  |r 2026-02-24 13:06:39  |w 2026-02-24